Statistiques concernant Pays avec le plus d'utilisateurs JetPunk

Cliquez ici pour prendre le quiz!

Statistiques générales

  • Ce quiz a été pris 27 123 fois
    (15 071 depuis la dernière actualisation)
  • Le résultat moyen est 15 sur 20

Statistiques - réponses

%Pays% Correct
14,5France
100%
24,7États-Unis
97%
1,90Espagne
96%
6,06Allemagne
92%
12,4Royaume-Uni
92%
2,24Italie
91%
5,33Canada
86%
1,22Russie
86%
1,49Belgique
84%
1,07Suisse
80%
3,40Brésil
76%
10,3Pologne
70%
1,93Pays-Bas
69%
3,20Australie
67%
1,38Inde
62%
0,75Irlande
61%
1,21Finlande
48%
0,80Turquie
47%
0,88Indonésie
31%
0,94Philippines
19%

Distribution des résultats

Percentile par nombre de réponses

% des personnes avec chaque résultat

Votre développement - résultats

Vous n’avez pas pris ce quiz depuis la dernière actualisation